000 00647 a2200181 4500
003 Nust
005 20221226114128.0
020 _a8120324544
040 _cNust
082 _a621.39,ANA
100 _aAnand, M. M. S.
_967388
245 _aEectronic instruments and instrumentation technology /
_cM. M. S. Anand
260 _aNew Delhi
_bPrentice-Hall of India
_c2004
300 _axvi, 727 p.
505 _aSection.1 Instruments and Accessories (Page-1), Section.2 Instrument Design and Manufacturing Techniques (Page-369), Section.3 Instrumentation Technology (Page-495).
650 _aInstrumentation technology
_9105902
942 _2ddc
_cBK
999 _c183798
_d183798